|
|
|
|
| LEADER |
00000naa2a2200000 4500 |
| 001 |
395179 |
| 005 |
20231101064601.0 |
| 035 |
|
|
|a (RuTPU)RU\TPU\prd\32365
|
| 090 |
|
|
|a 395179
|
| 100 |
|
|
|a 20050203a2004 k y0rusy50 ca
|
| 101 |
0 |
|
|a rus
|
| 102 |
|
|
|a RU
|
| 200 |
1 |
|
|a Проектирование информационного обеспечения адаптивной методической системы обучения разработчиков программного обеспечения АСУ
|f В. В. Плещев
|
| 225 |
1 |
|
|a Математическое обеспечение АСУ
|
| 320 |
|
|
|a Библиогр.: 11 назв.
|
| 461 |
|
1 |
|0 (RuTPU)RU\TPU\prd\2287
|t Промышленные АСУ и контроллеры
|o ежемесячный научно-технический производственный журнал
|d 2002-
|
| 463 |
|
1 |
|0 (RuTPU)RU\TPU\prd\30999
|t № 11
|v С. 39-42
|d 2004
|
| 610 |
1 |
|
|a проектирование
|
| 610 |
1 |
|
|a адаптивные системы
|
| 610 |
1 |
|
|a системы обучения
|
| 610 |
1 |
|
|a программное обеспечение
|
| 610 |
1 |
|
|a обучение разработчиков
|
| 610 |
1 |
|
|a разработчики
|
| 610 |
1 |
|
|a функциональные модели
|
| 610 |
1 |
|
|a учебные модули
|
| 610 |
1 |
|
|a образование
|
| 610 |
1 |
|
|a обучение специалистов
|
| 610 |
1 |
|
|a принципы проектирования
|
| 700 |
|
1 |
|a Плещев
|b В. В.
|
| 801 |
|
1 |
|a RU
|b 63413507
|c 20050203
|g PSBO
|
| 801 |
|
2 |
|a RU
|b 63413507
|c 20050203
|g PSBO
|
| 942 |
|
|
|c BK
|